000
00263 a2200109 4500
001
45870
082
_a
621.433TRE
090
_c
28969
_d
28969
100
_a
Treager Irwin E
245
_a
Aircraft gas turbine engine technology
260
_a
New York
_b
McGraw-Hill
942
_a
NUST-CAE
_k
621.433TRE
999
_c
280943
_d
280943